| 000 | 00000nam##2200000za#4500 |
| 001 | 9.574306 |
| 003 | CaOODSP |
| 005 | 20210624184123 |
| 007 | cr ||||||||||| |
| 008 | 150406|2007||||xxc|||||o f|0| 0 eng|d |
| 022 | |a1488-5379 |
| 040 | |aCaOODSP|beng |
| 043 | |an-cn--- |
| 086 | 1 |aFs97-6/2747E-PDF |
| 110 | 1 |aCanada. |bDepartment of Fisheries and Oceans. |
| 245 | 10|aOcean bottom acoustic observations in the Scotian Shelf Gully during an exploration seismic survey : |h[electronic resource]|ba detailed study / |cby N. A. Cochrane. |
| 260 | |aDartmouth - Nova Scotia : |bFisheries and Oceans Canada |c2007. |
| 300 | |a81p.|bgraphs, maps (some coloured), references, tables |
| 490 | 1 |aCanadian technical report of fisheries and aquatic sciences|x1488-5379|v2747 |
| 500 | |aThe catalogue number (Fs97-6/2747E) and ISSN (0706-6457) for the print edition have been incorrectly copied in this electronic publication. |
| 546 | |a(Résumé en français) |
| 590 | |a12-29-Supp|b2012-06-25 |
| 720 | 1 |aCochrane, N. A. |
| 776 | 0#|tOcean bottom acoustic observations in the Scotian Shelf Gully during an exploration seismic survey : |w(CaOODSP)9.618570 |
| 830 | #0|aCanadian technical report of fisheries and aquatic sciences,|x1488-5379|v2747|w(CaOODSP)9.504449 |
| 856 | 40|ahttp://publications.gc.ca|qPDF|s2.45 MB|uhttps://publications.gc.ca/collections/collection_2012/mpo-dfo/Fs97-6-2747-eng.pdf|y2747 |